Statystyki dla Największe miasto według języka

Kliknij tutaj aby rozwiązać quiz!

Ogólne statystyki

  • Ten quiz został rozwiązany 6 524 razy
  • Średni wynik to 13 z 24

Statystyki odpowiedzi

JęzykLudnośćAglomeracja% Poprawnych
francuski15,0 mln /
11,4 mln
Kinszasa /
Paryż
93%
rosyjski18,8 mlnMoskwa
91%
angielski23,1 mlnNowy Jork
90%
japoński40,8 mlnTokio
90%
koreański24,9 mlnSeul
83%
turecki16,1 mlnStambuł
81%
mandaryński20,9 mlnPekin
80%
hiszpański24,9 mlnMeksyk
70%
serbski1,44 mlnBelgrad
69%
hindi33,4 mlnDelhi
66%
włoski6,10 mlnMediolan
60%
portugalski23,0 mlnSao Paulo
57%
perski16,2 mlnTeheran
54%
arabski22,2 mlnKair
50%
wu40,0 mlnSzanghaj
42%
hebrajski2,93 mlnTel Awiw-Jafa
40%
kantoński67,8 mlnKanton
39%
bengalski21,3 mlnDhaka
29%
marathi26,6 mlnMumbaj
24%
tagalog26,7 mlnManila
19%
wietnamski13,5 mlnHo Chi Minh
17%
joruba21,4 mlnLagos
13%
tamilski12,2 mlnĆennaj
8%
gudźarati9,30 mlnAhmadabad
4%

Rozkład punktacji

Percentyl według liczby udzielonych odpowiedzi

Procent ludzi z każdym wynikiem

Twoja historia wyników

Nie rozwiązałeś tego quizu